Non-Euclidean geometry

Αποθηκεύτηκε σε:
Λεπτομέρειες βιβλιογραφικής εγγραφής
Κύριος συγγραφέας: Coxeter, H. S. M. (Harold Scott Macdonald) 1907-
Μορφή: Βιβλίο
Γλώσσα:English
Δημοσίευση: Washington, D.C. : Mathematical Association of America, c1998
Έκδοση:6th ed.
Σειρά:Spectrum series
Θέματα:
Ετικέτες: Προσθήκη ετικέτας
Δεν υπάρχουν, Καταχωρήστε ετικέτα πρώτοι!

MARC

LEADER 00000nam a2200000 i 4500
001 1/96826
008 991216s1998 eng d
020 |a 0883855224 
035 |l 10055907 
040 |a GR-MY-UA  |b gre  |e aacr 
041 0 |a eng 
082 0 |a 516.9 
100 1 |a Coxeter, H. S. M.  |q (Harold Scott Macdonald)  |d 1907- 
245 1 0 |a Non-Euclidean geometry /  |c H.S.M. Coxeter 
250 |a 6th ed. 
260 |a Washington, D.C. :   |b Mathematical Association of America,   |c c1998 
300 |a xviii, 336 p.;  |b ill.;  |c 22 cm. 
490 1 |a Spectrum series 
504 |a Includes bibliographical references and index 
650 0 0 |a Geometry, Non-Euclidean. 
830 0 |a Spectrum series 
852 |a INST  |b SAMOS  |e 19991216  |h 516.9 COX  |p 005300016245  |q 005300016245  |t BK  |y 0 
901 |a BIBL3-1999-3 
909 |a Σ  |b 067515 
922 |a 3ΕΛΗ  |b 199911  |c ΕΠΕΑΕΚ/ΜΑΘ  |d LEADER 
970 |a ΠΟΥΡΝΑΡΑΣ  |b ΔΗΜΗΤΡΗΣ  |z 1999/12/16